Guess the Billie Eilish's song by the lyrics! 4 - Statistiques

Statistiques générales
  • Ce quiz a été pris 2 018 fois
  • Le résultat moyen est 83 sur 189
Statistiques - réponses
Réponse % Correct
I
96%
you
90%
a
88%
when
81%
do
77%
love
76%
be
71%
the
68%
don't
67%
to
67%
me
62%
your
62%
my
59%
what
58%
wanna
55%
know
51%
and
50%
so
49%
with
46%
that
45%
in
44%
on
43%
like
42%
not
42%
make
39%
wear
38%
I'm
37%
alone
36%
but
36%
feel
35%
you're
33%
all
32%
it's
32%
this
32%
does
31%
we're
31%
just
30%
can't
29%
let
29%
hostage
28%
kiss
28%
sense?
28%
wanted
27%
neck
25%
mean
24%
stay
24%
true
24%
right
23%
chest
22%
hold
22%
I'll
22%
soul
22%
feels
21%
give
21%
hide
21%
steal
21%
inside
20%
yeah
20%
treasure
19%
build
18%
home
18%
sec
18%
veins
18%
crawl
17%
gold
17%
lips
17%
real
17%
chain
16%
cheek
16%
shirt
15%
wall
15%
fingertips
14%
against
13%
ball
13%
until
13%
hurts
12%
speak
12%
nothing
11%
beneath
10%
fake
10%
across
9%
leaf
9%
gold's
8%
Aucun quiz correspondant
Distribution des résultats
% des personnes avec chaque résultat
Percentile par nombre de réponses
Votre historique - résultats
Vous n’avez pas pris ce quiz